| 000 | 01752cam a2200385 a 4500 | ||
|---|---|---|---|
| 001 | 14830174 | ||
| 005 | 20070904123754.0 | ||
| 008 | 070501s2007 nyua b 001 0 eng | ||
| 010 | _a 2007018251 | ||
| 015 |
_aGBA720192 _2bnb |
||
| 016 | 7 |
_a013694058 _2Uk |
|
| 020 | _a0071477500 (alk. paper) | ||
| 020 | _a9780071477505 (alk. paper) | ||
| 035 | _a(OCoLC)ocm85897669 | ||
| 035 |
_a(OCoLC)85897669 _z(OCoLC)144224059 |
||
| 040 |
_aDLC _cDLC _dUKM _dBAKER _dC#P _dBTCTA _dYDXCP _dIXA _dDLC |
||
| 050 | 0 | 0 |
_aT174.7 _b.E58 2007 |
| 082 | 0 | 0 |
_a620.5 _222 _bENVŲ |
| 245 | 0 | 0 |
_aEnvironmental nanotechnology : _bapplications and impacts of nanomaterials / _ceditors, Mark R. Wiesner, Jean-Yves Bottero. |
| 260 |
_aNew York : _bMcGraw-Hill, _cc2007. |
||
| 300 |
_axii, 540 p. : _bill. ; _c24 cm. |
||
| 500 | _aIncludes Index. | ||
| 504 | _aIncludes bibliographical references and index. | ||
| 650 | 0 |
_aNanotechnology. _93842 |
|
| 650 | 0 |
_aNanotechnology _xEnvironmental aspects. _93843 |
|
| 650 | 0 |
_aNanoparticles _xEnvironmental aspects. _93844 |
|
| 700 | 1 |
_aWiesner, Mark R. _93845 |
|
| 700 | 1 |
_aBottero, Jean-Yves. _93846 |
|
| 856 | 4 | 2 |
_3Contributor biographical information _uhttp://www.loc.gov/catdir/enhancements/fy0726/2007018251-b.html |
| 856 | 4 | 2 |
_3Publisher description _uhttp://www.loc.gov/catdir/enhancements/fy0726/2007018251-d.html |
| 856 | 4 | 1 |
_3Table of contents only _uhttp://www.loc.gov/catdir/enhancements/fy0726/2007018251-t.html |
| 942 |
_2ddc _cBB |
||
| 999 |
_c11329 _d11329 |
||